Home Bible Study Course; vol. 4. (Record no. 1581)

000 -LEADER
fixed length control field 00588nam a2200181 a 4500
001 - CONTROL NUMBER
control field :::00017766$&:&@@
003 - CONTROL NUMBER IDENTIFIER
control field OkBaRHE
005 - DATE AND TIME OF LATEST TRANSACTION
control field 20100326170503.0
008 - FIXED-LENGTH DATA ELEMENTS--GENERAL INFORMATION
fixed length control field s1976 j 000 0 eng u
040 ## - CATALOGING SOURCE
Transcribing agency
100 1# - MAIN ENTRY--PERSONAL NAME
Personal name Corvin, R. O. (Raymond O.).
245 10 - TITLE STATEMENT
Title Home Bible Study Course; vol. 4.
260 ## - PUBLICATION, DISTRIBUTION, ETC. (IMPRINT)
Place of publication, distribution, etc Charlotte, NC., :
Name of publisher, distributor, etc PTL Television Network, Inc.
Date of publication, distribution, etc 1976
300 ## - PHYSICAL DESCRIPTION
Extent v. (1-5) ;
Dimensions 28 cm.
650 ## - SUBJECT ADDED ENTRY--TOPICAL TERM
Topical term or geographic name as entry element Bible
General subdivision Study
-- Outlines, Syllabi, etc.
942 ## - ADDED ENTRY ELEMENTS (KOHA)
Source of classification or shelving scheme
Koha item type Books
Copies
Date acquired Barcode Collection code Price effective from Permanent Location Damaged status Copy number Not for loan Full call number Source of classification or shelving scheme Date last seen Koha item type Lost status Shelving location Withdrawn status
2010-04-1417766Reference2010-04-14RHEMA Bible Training College 1 BS 591 .C58 2018-03-28Books General Stacks